Something “by” Something Else - Statistics

General Stats
  • This quiz has been taken 8 times
  • The average score is 18 of 25
Answer Stats
Hint Explanation Answer % Correct
to hang on The Free Dictionary: hang on by a thread a thread
100%
don’t judge a book The Free Dictionary: don't judge a book by its cover its cover
100%
cheaper The Free Dictionary: cheaper by the dozen the dozen
100%
to take the bull The Free Dictionary: take the bull by the horns, to the horns
100%
a rose The Free Dictionary: a rose by any other name (would smell as sweet) any other name
88%
to pull oneself up The Free Dictionary: pull oneself up by the bootstraps one’s bootstraps
88%
saved The Free Dictionary: saved by the bell the bell
88%
a man is known The Free Dictionary: a man is known by the company he keeps the company he keeps
88%
to catch a tiger The Free Dictionary: catch a tiger by the tail the tail
88%
to win The Free Dictionary: win by a landslide a landslide
75%
man cannot live The Free Dictionary: man cannot live by bread alone bread alone
75%
to know something The Free Dictionary: know (something) by heart heart
75%
to grow The Free Dictionary: grow by leaps and bounds leaps and bounds
75%
hoist The Free Dictionary: hoist by/with (one's) own petard one’s own petard
75%
to fall The Free Dictionary: fall by the wayside the wayside
75%
guilty The Free Dictionary: guilty by association association
63%
to be conspicuous The Free Dictionary: be conspicuous by (one's)/its absence one’s absence
63%
to die The Free Dictionary: die by (one's) own hand one’s own hand
63%
to lead someone The Free Dictionary: lead someone by the nose the nose
63%
to fly The Free Dictionary: fly by the seat of (one's) pants the seat of one’s pants
63%
a camel is a horse made The Free Dictionary: a camel is a horse made by a committee a committee
50%
choked The Free Dictionary: choked by emotion emotion
50%
to live The Free Dictionary: live by one's wits one’s wits
50%
to do something The Free Dictionary: do something by the book the book
50%
death The Free Dictionary: death by spell check spell check
13%
No matching quizzes found
Score Distribution
Percent of People with Each Score
Percentile by Number Answered
Your Score History
You have not taken this quiz